| 000 | 00753nam a22002177a 4500 | ||
|---|---|---|---|
| 999 |
_c14308 _d14308 |
||
| 003 | AR-CdUCM | ||
| 008 | 190422b ||||| |||| 00| 0 spa d | ||
| 040 |
_aMUNICIPALIDAD PROVINCIAL DEL CUSCO _cBIBLIOTECA MUNICIPAL DEL CUSCO |
||
| 082 |
_a869.33 / _bY26 / 1968 |
||
| 100 |
_aJauch, Emma _925129 |
||
| 245 |
_aNoticias de rapa-nui : _bGeografia, Vigilia / |
||
| 260 |
_aChile : _bEsfuerzo, _c1968. |
||
| 300 |
_a36 páginas ; _c20 cm. |
||
| 500 | _aDonación a la familia Nieto. | ||
| 505 | _aContenido : Geografía : En mataveri. El descubrimiento -- La soledad -- El nombre --La fabrica -- El agua ... | ||
| 650 |
_aGeografía _9318 |
||
| 650 |
_aNoticias _933039 |
||
| 650 |
_aVigilia _933040 |
||
| 942 |
_2ddc _cLIBROS |
||
| 945 |
_arah _d22/04/2019 |
||